skbl

Dr Suryya Kumar Bhuyan Library Web-OPAC
ডঃ সূৰ্য্য
কুমাৰ ভূঞা পুথিভঁৰাল ৱেব-অ'পেক

All Research Scholars are advised to clear the annual library fees to continue using Library Resources, Remote Access, Plagiarism Test and Library Clearance.

Cotton University Book Fair 2026

Reaction Mechanism in Organic Chemistry / (Record no. 3053)

MARC details
000 -LEADER
fixed length control field 00606nam a2200217Ia 4500
001 - CONTROL NUMBER
control field 3065
008 - FIXED-LENGTH DATA ELEMENTS--GENERAL INFORMATION
fixed length control field 180108s1986 ii a g b000 u 465 u
020 ## - INTERNATIONAL STANDARD BOOK NUMBER
International Standard Book Number 0333 90461 3
082 ## - DEWEY DECIMAL CLASSIFICATION NUMBER
Classification number 547
100 ## - MAIN ENTRY--PERSONAL NAME
Personal name Mukherjee, S M .
245 #0 - TITLE STATEMENT
Title Reaction Mechanism in Organic Chemistry /
Statement of responsibility, etc. S.M. Mukherjee & S P Singh.
Medium Textual Documents
250 ## - EDITION STATEMENT
Edition statement 3rd ed. /
260 ## - PUBLICATION, DISTRIBUTION, ETC.
Place of publication, distribution, etc. Delhi :
Name of publisher, distributor, etc. Macmillan India Ltd ,
Date of publication, distribution, etc. 1986.
300 ## - PHYSICAL DESCRIPTION
Extent xi,551p. :
Other physical details ill ;
Dimensions 23cm .
504 ## - BIBLIOGRAPHY, ETC. NOTE
Bibliography, etc. note Subject Index
653 ## - INDEX TERM--UNCONTROLLED
Uncontrolled term Chemistry
653 ## - INDEX TERM--UNCONTROLLED
Uncontrolled term Organic Chemistry
653 ## - INDEX TERM--UNCONTROLLED
Uncontrolled term G-Chemistry
700 ## - ADDED ENTRY--PERSONAL NAME
Personal name Singh, S. P. .
942 ## - ADDED ENTRY ELEMENTS (KOHA)
Source of classification or shelving scheme Dewey Decimal Classification
Koha item type Books
Holdings
Withdrawn status Lost status Damaged status Not for loan Collection Home library Current library Date acquired Coded location qualifier Total checkouts Full call number Barcode Date last seen Copy number Price effective from Koha item type Date last checked out
          Dr. Suryya Kumar Bhuyan Library Dr. Suryya Kumar Bhuyan Library 01/02/2012 00000   547 Mu 896 Re 83979 13/01/2024 1 01/02/2012 Books  
          Dr. Suryya Kumar Bhuyan Library Dr. Suryya Kumar Bhuyan Library 01/02/2012 00000 2 547 Mu 896 Re 625/Che 27/01/2026 2 01/02/2012 Books 27/11/2025
          Dr. Suryya Kumar Bhuyan Library Dr. Suryya Kumar Bhuyan Library 01/02/2012 00000   547 Mu 896 Re 73661 13/01/2024 3 01/02/2012 Books  

Designed and Maintained by Team SKBL
©1901-2026

Powered by Koha